| 000 | 00362pam a2200157a 44500 | ||
|---|---|---|---|
| 008 | 230515b1998 xxu||||| |||| 00| 0 eng d | ||
| 020 | _aNULL | ||
| 041 | _aENGLISH | ||
| 082 | _a005.3/NOT | ||
| 100 | _aNOTES STUDEY | ||
| 245 | _aVISUAL C++ 5.0 | ||
| 250 | _a1 | ||
| 260 |
_aDELHI _bBOARD OF RESEARCH IN AYURVEDA _c1998 |
||
| 300 | _a407 | ||
| 650 | _aNULL | ||
| 999 |
_c667402 _d667402 |
||